00773nas a2200253 4500001001000000003000900010005001700019007000300036008003400039040005400073041000900127072000800136100001800144100001900162100001600181100002200197245011100219650001400330650001600344650001800360650001800378650002100396773010200417BR9601766BR-BrBNA20231205095143.0ta230509b bl.|||p| |||| 00| 00por d aBR-BrBNAbporcBiblioteca Nacional de Agricultura a(Pt) aF021 aParente, T.V.1 aWechsler, F.S.1 aBorgo, L.A.1 aRezende, L. de P.1 aComportamento da tangerineira ponkan (Citrus reticulata Blanco)sobre 14 porta-enxertos do Distrito Federal aTangerina aLimao Cravo aPorta Enxerto aProdutividade aDistrito Federal0 tRevista Brasileira de Fruticultura (Brazil)xISSN 0100-2945g(1993), v. 15(1) p. 35-41wBR9601766